Ethics for psychologists : (Record no. 7397)
[ view plain ]
| 000 -LEADER | |
|---|---|
| fixed length control field | 00722cam a2200205 4500 |
| 001 - CONTROL NUMBER | |
| control field | 8543 |
| 003 - CONTROL NUMBER IDENTIFIER | |
| control field | OCoLC |
| 005 - DATE AND TIME OF LATEST TRANSACTION | |
| control field | 20181127190215.0 |
| 008 - FIXED-LENGTH DATA ELEMENTS--GENERAL INFORMATION | |
| fixed length control field | 980928s1999 enk bf 001 0 eng c |
| 020 ## - INTERNATIONAL STANDARD BOOK NUMBER | |
| International Standard Book Number | 1854332708 |
| 082 04 - DEWEY DECIMAL CLASSIFICATION NUMBER | |
| Classification number | 174.915 |
| Edition number | 21 |
| 100 1# - MAIN ENTRY--PERSONAL NAME | |
| Personal name | Francis, Ronald D. |
| Fuller form of name | (Ronald David), |
| Dates associated with a name | 1931- |
| 245 10 - TITLE STATEMENT | |
| Title | Ethics for psychologists : |
| Remainder of title | a handbook / |
| Statement of responsibility, etc. | Ronald D. Francis |
| 260 ## - PUBLICATION, DISTRIBUTION, ETC. | |
| Place of publication, distribution, etc. | Leicester, UK : |
| Name of publisher, distributor, etc. | BPS Books, |
| Date of publication, distribution, etc. | 1999 |
| 300 ## - PHYSICAL DESCRIPTION | |
| Extent | v, 255 p. ; |
| Dimensions | 25 cm |
| 504 ## - BIBLIOGRAPHY, ETC. NOTE | |
| Bibliography, etc. note | Includes bibliographical references (p. 238-245) and index |
| 650 #0 - SUBJECT ADDED ENTRY--TOPICAL TERM | |
| Topical term or geographic name entry element | Psychologists |
| General subdivision | Professional ethics |
| Form subdivision | Handbooks, manuals, etc |
| Topical term or geographic name entry element | Psychology |
| General subdivision | Moral and ethical aspects |
| Form subdivision | Handbooks, manuals, etc |
| Withdrawn status | Lost status | Source of classification or shelving scheme | Damaged status | Not for loan | Collection code | Home library | Current library | Shelving location | Serial Enumeration / chronology | Inventory number | Total Checkouts | Full call number | Barcode | Date last seen | Price effective from | Koha item type |
|---|---|---|---|---|---|---|---|---|---|---|---|---|---|---|---|---|
| Dewey Decimal Classification | Main TEST | RTC Library | RTC Library | Main opac | 13018 | 174 FRA | 30013013 | 27/11/2018 | 27/11/2018 | Main |